Quizzes
Events
Quiz Creation
Community
Videos
Private Events
Remove Ads
Sign In
Join for FREE
Feedback
Dark Mode
Quiz Categories
Sports
Geography
Music
Movies
Television
Just For Fun
Miscellaneous
History
Literature
Language
Science
Gaming
Entertainment
Religion
Holiday
For Kids
Quiz Lab
Recent
Popular Today
Quiz Kudos Today
Editor Picks
Curator Picks
Quizzes by...
Day
Popularity
Type
Ratings
Length
Year
Community
Subscriptions
Recent Discussions
Orange Saloon
Badges
Playlists
Quests
Create
Leaderboards
Showdown
Live 5
Trivia Bingo
Activity
Puzzle Library
Sporcle Events
Private Events
Virtual Trivia
Globe League
Become a Host
Pub Owners
SporcleCon
Opinionation
Our Games
Videos
Blog
Mobile Apps
Partnerships
Remove Ads and Go Orange
Feedback
Music
Pop Music
The Beatles
Song
Album
Lyrics
Bands
Singers
Artist
Clip
Rock
Rap
Classical
Billboard
Country Music
Kpop
Taylor Swift
Music
Pop Music
The Beatles
Song
Album
Lyrics
Bands
Singers
Artist
Clip
Rock
Rap
Classical
Billboard
Country Music
Kpop
Taylor Swift
Random Quiz
Search Sporcle
×
Quiz Lab
Quiz Lab
Music
piece
Type in answers that appear in a list
Type in answers that appear in a list
Classic
Best Score? Go Orange.
A Level Piece Genres Stats
Can you name the A Level Piece Genres?
By
alexb33
3m
8 Questions
4 Plays
4 Plays
4 Plays
Comments
Comments
Give Quiz Kudos
Give Quiz Kudos
-
- Ratings
hide this ad
Forced Order
Answers have to be entered in order
Answers have to be entered in order
Replay
Link that replays current quiz
Next Quiz
Link to next quiz in quiz playlist
You Got
0%
They Got
Avg Score
78%
Avg Friend Score
Upgrade to see
Score Distribution
Jump to the score distribution portion of the page
Score
0/8
Timer
03:00
0
Plays Today
Features
Genre
% Correct
A song
Aria
100%
Large scale sacred work (orchestral accomp.)
Oratorio
100%
German hymn
Chorale
75%
Sacred work (German & not quite as big as ^)
Cantata
75%
Shorter religious piece (usually English)
Anthem
75%
Latin anthem (no accomp.)
Motet
75%
Latin anthem (no accomp.)
Mass
75%
Sung speech over chords
Recititave
50%
Quiz Playlist
Details
Report
Send in Message
Add To Playlist
Classic:
Type in answers that appear in a list
Forced Order:
Answers have to be entered in order
Last Updated: Feb 16, 2017
Quiz Scoreboard
CHALLENGE
Sign Up to Join the Scoreboard
Show All
Scores
Hide
Comments
May contain spoilers
Recently Published
Movies - When Are They Set?
by FPL_Elf
Movies
5m
Popular People in 1961
by mucciniale
History
6m
1-10 Letter E Words III
by El_Dandy
Language
2m
More to Explore
Quiz From the Vault
Featured Blog Post
Where Did the Easter Bunny Come From?
hide this ad
You Might Also Like...
Tags
A-Level
feature
genre
Level
piece
Today's Top Quizzes in Music
Browse Music
hide this ad
Today's Top Quizzes in piece
Browse piece
Top Contributed Quizzes in Music
1
Taylor Swift All Songs (2024)
2
2010s Album by Cover III
3
One Thing in Common: Music
4
Taylor Swift Logic Puzzle
5
Guess the Artist- 70s Songs
6
2010s Album by Cover IV
7
Guess the Taylor Swift song (Mystery Song)
8
2010s Album by Cover V
9
Lana Del Rey Discography (BTD to DYKTTATUOB)
10
2010s Album by Cover VI
Explore More
Trending Topics
Kpop
Crossword
Marvel
Anime
Disney
Harry Potter
NBA
Puzzle
NFL
Soccer
Song
The Office
Country
Pokémon
WWE
hide this ad
More By:
alexb33
Quiz
Plays
Rating
Category
Featured
Created
Romantic Composers
159
4.50
Music
Feb 28, 2012
Renaissance Composers
115
Music
Feb 28, 2012
Baroque Composers
115
Music
Feb 28, 2012
Classical Composers
87
1.00
Music
Feb 28, 2012
Agbekor Dance (Mustapha Tettey Addy) - The War Dance
6
Music
Mar 27, 2012
Go to Creator's Profile
Score Distribution
Quiz Creator Spotlight
alexb33
Follow
Send a Message
Quizzes Created
-
Created Quiz Play Count
-
More By This Creator
Popular Quizzes Today
1
Find the US States - No Outlines Minefield
2
Find the Countries of Europe - No Outlines Minefield
3
The Countries of the World
4
Popular People in 1961
5
1-10 Letter E Words III
6
US States
7
Find the US States
8
One Thing in Common: World Cities II
More Music Quizzes
'Losing My Religion' Lyrics
Published
Trending Quizzes
Risky Map Clicking: Least Populous States A-Z
1-10 Letter F Words
1-10 Letter G Words
One Thing in Common: United Kingdom
Risky Map Clicking: Next State Alphabetically
Recently Updated
Leaping Animals
pecheneg
Reality TV Shows (A-Z)
bhenderson79
Rickey Henderson's Hall of Fame Teammates
pecheneg
Champions League XIs: Arsenal
pecheneg
Quick Pick: Celebrities in WWE's Hall of Fame
aduchscher
A-Z Keypad Blitz II
pecheneg
Multiple Oscar Actors
pecheneg
Mystery Phrase Blitz: Oscar 'Best Actors'
pecheneg
F. Scott Fitzgerald Novels
LTH
Pick 3 Villains
ddd62291
Trending Topics
Crossword
Anime
NBA
Marvel
Kpop
Harry Potter
Disney
Pokémon
WWE
Soccer
Puzzle
Song
The Office
NFL
Country
Your Account Isn't Verified!
In order to create a playlist on Sporcle, you need to verify the email address you used during registration. Go to your
Sporcle Settings
to finish the process.
Report this User
Report this user for behavior that violates our
Community Guidelines
.
Details:
Send Report
Go to the Sporcle.com Mobile Site →
Comments